| 000 | 00495nam a2200169 a 4500 | ||
|---|---|---|---|
| 001 | 000044132 | ||
| 005 | 20201002045152.0 | ||
| 008 | 140516s1970 sp 000 0 spa d | ||
| 040 |
_aDO-SdBNP _bspa _cBNPHU |
||
| 100 | 1 |
_aFuster, Joa _d1922-1992 _972137 |
|
| 240 | 1 | 0 | _aDiccionari per a ociosos |
| 245 | 1 | 0 |
_aDiccionario para ociosos / _cJoan Fuster. |
| 260 |
_aBarcelona : _bEdiciones Penínsila, _c1970. |
||
| 300 |
_a203 p. ; _c19 cm. |
||
| 490 | 1 |
_aIbérica _v19 |
|
| 830 | 0 |
_aIbérica _v19 _99187 |
|
| 999 |
_c43621 _d43621 |
||